000 00619nam a2200181 i 4500
001 142174
003 ES-MaACL
005 20250612184447.0
007 t|
008 071003s1967 sp ||||1| spa d
245 0 4 _aLos villancicos de mi catedral /
_cnuevamente sacados a la luz por Federico Muelas ; con ilustraciones de Lorenzo Goñi.
260 _aCuenca :
_bDiputacion Provincial,
_c1967.
300 _a86 p., 8 lám. ;
_c28 cm.
700 1 _aMuelas, Federico,
_d1909-1974
_984034
700 1 _aGoñi, Lorenzo,
_d1911-1992
_959083
852 _aES-MaACL
_jC-34313
_bR.64957
999 _c142174
_d142174